Men in the Middle. Local Priests in Early Medieval Europe (Record no. 64030)

MARC details
000 -LEADER
fixed length control field 01182nam a2200217Ii 4500
008 - FIXED-LENGTH DATA ELEMENTS--GENERAL INFORMATION
fixed length control field 221202s xx 000 0 und d
245 #0 - TITLE STATEMENT
Title Men in the Middle. Local Priests in Early Medieval Europe
264 ## - PRODUCTION, PUBLICATION, DISTRIBUTION, MANUFACTURE, AND COPYRIGHT NOTICE
Name of producer, publisher, distributor, manufacturer De Gruyter
Date of production, publication, distribution, manufacture, or copyright notice 2016
300 ## - PHYSICAL DESCRIPTION
Extent 1 online resource (262 pages)
336 ## - CONTENT TYPE
Content type term text
Content type code txt
Source rdacontent
337 ## - MEDIA TYPE
Media type term computer
Media type code c
Source rdamedia
338 ## - CARRIER TYPE
Carrier type term online resource
Carrier type code cr
Source rdacarrier
520 ## - SUMMARY, ETC.
Summary, etc. This volume studies local priests as central players in small communities of early medieval Europe. On the one hand, manuscript evidence shows their knowledge, expertise and potential to teach, whereas charter collections shed light on local priests as active members of networks of the locally powerful. By combining both approaches and covering most of early medieval Europe, this book is the first to offer a comprehensive overview of the subject.
653 ## - INDEX TERM--UNCONTROLLED
Uncontrolled term Early Middle Ages
653 ## - INDEX TERM--UNCONTROLLED
Uncontrolled term History Of Christianity
653 ## - INDEX TERM--UNCONTROLLED
Uncontrolled term Social History
700 1# - ADDED ENTRY--PERSONAL NAME
Personal name Patzold, Steffen
700 1# - ADDED ENTRY--PERSONAL NAME
Personal name van van Rhijn, Carine
856 ## - ELECTRONIC LOCATION AND ACCESS
Uniform Resource Identifier <a href="https://library.oapen.org/bitstream/20.500.12657/24650/1/1005461.pdfhttp://library.oapen.org/handle/20.500.12657/24650">https://library.oapen.org/bitstream/20.500.12657/24650/1/1005461.pdfhttp://library.oapen.org/handle/20.500.12657/24650</a>
942 ## - ADDED ENTRY ELEMENTS (KOHA)
Koha item type E-Book
Holdings
Withdrawn status Damaged status Not for loan Home library Current library Date acquired Total Checkouts Date last seen Price effective from Koha item type
      Directory of Open Access Books Directory of Open Access Books 11/28/2022   11/28/2022 11/28/2022 E-Book

University of Rizal System
Email us at univlibservices@urs.edu.ph

Visit our Website www.urs.edu.ph/library